Countries that Search Bulgaria the Most - Statistics

General Stats
  • This quiz has been taken 53 times
  • The average score is 7 of 10
Answer Stats
Google Trend Score Answer % Correct
4 Serbia
98%
3 Greece
96%
7 Romania
96%
13 North Macedonia
92%
5 Moldova
68%
2 Poland
53%
2 Slovakia
49%
2 Czech Republic
45%
4 Cyprus
40%
2 Estonia
26%
No matching quizzes found
Score Distribution
Percent of People with Each Score
Percentile by Number Answered
Your Score History
You have not taken this quiz